História e memórias de São José dos Quatro Marcos / (Record no. 1419)

MARC details
000 -LÍDER
Campo Fixo de Controle 00727nam a2200229 a 4500
001 - NÚMERO DE CONTROLE
Campo de Controle 1419
003 - IDENTIFICAÇÃO DO NÚMERO DE CONTROLE
Campo de Controle BR-CuiBMT
005 - DATA E HORA DA ÚLTIMA ATUALIZAÇÃO
Campo de Controle 20231207221552.0
008 - DADOS FIXOS
Dados Fixos 231201s2018 mtba 000 0 por d
020 ## - INTERNATIONAL STANDARD BOOK NUMBER
Nº do ISBN 9788541115377
040 ## - AGÊNCIA CATALOGADORA
Código da Agência Catalogadora BR-CuiBMT
Agência que transcreveu o registro BR-CuiBMT
080 ## - Nº DA CLASSIFICAÇÃO DECIMAL UNIVERSAL
Nº Class. CDU 94
Subd. Auxiliar Comum (817.2)
Nº edição CDU 2007
090 ## - NÚMERO DE CHAMADA
Nº classificação 94(817.2)
Cutter B729h
100 1# - ENTRADA PRINCIPAL -- AUTOR PESSOAL
Nome pessoal Bordin, L. C.
Forma completa do nome (Luiz Carlos)
245 1# - TÍTULO PRINCIPAL
Título principal História e memórias de São José dos Quatro Marcos /
Indicação de responsabilidade L. C. Bordin.
260 ## - PUBLICAÇÃO, DISTRIBUIÇÃO, ETC.
Local de publicação São Paulo :
Editora All Print,
Data c2018.
300 ## - DESCRIÇÃO FÍSICA
N. páginas ou volumes 108 p. :
Ilustrações il. ;
Dimensões 23 cm
504 ## - NOTA DE BIBLIOGRAFIA, ETC.
Nota de bibliografia Inclui bibliografia.
650 ## - ASSUNTO TÓPICO
Cabeçalho tópico ou nome geográfico Cidade
Subdivisão geral História
Subdivisão geográfica São José dos Quatro Marcos (MT)
650 ## - ASSUNTO TÓPICO
Cabeçalho tópico ou nome geográfico São josé dos Quatro Marcos
Subdivisão geral Memórias
Subdivisão geográfica Mato Grosso
942 ## - ELEMENTOS DE ENTRADA ADICIONAIS (KOHA)
Fonte de classificação ou esquema de arquivamento Classificação Decimal Universal
Tipo de item do Koha Livros
Holdings
Estado: removido Estado: perdido Fonte de classificação ou esquema de arquivamento Estado: danificado Indisponível para empréstimo Localização permanente Localização atual Data de aquisição Total Checkouts Número de Chamada completo Código de barras Date last seen Número do exemplar Preço efetivo a partir de Tipo de item (Koha)
    Classificação Decimal Universal     Biblioteca da Escola Superior de Contas do TCE/MT Biblioteca da Escola Superior de Contas do TCE/MT 07/12/2023   94(817.2) B729h BIBTCEMT23120304 07/12/2023 Ex. 1 07/12/2023 Livros

Powered by Koha